| 000 | 00542nam a2200205 4500 | ||
|---|---|---|---|
| 003 | OSt | ||
| 005 | 20260601193850.0 | ||
| 008 | 260507b |||||||| |||| 00| 0 spa d | ||
| 020 | _a8843539205 | ||
| 040 |
_aICI _bspa _cICI |
||
| 050 |
_aN74334 U55 _bU55 |
||
| 100 | 1 | _aExpoUniversal Sevilla 1992 | |
| 245 | 1 | _aUniverso | |
| 264 |
_bSoc. Est. para la exposición Sevilla 92 _c1992 _aEspaña |
||
| 300 | _a56 páginas | ||
| 336 |
_atexto _2rdacontent |
||
| 337 |
_asin medio _2rdamedia |
||
| 338 |
_avolumen _2rdacarrier |
||
| 942 |
_2lcc _cB _n1 |
||
| 999 |
_c21820 _d21820 |
||